000 00643cam a22002052 4500
001 0000000252
005 20151021151042.0
008 070117s xx 000 0 eng d
020 _a8178081563 :
_cKES 2,700
040 _aKABU
_cKABU
100 1 _aBooch, Grady.
_@0000148341
245 1 0 _aObject-oriented analysis and design with applications /
_cGrady Booch.
250 _a2nd ed.
260 _aDelhi :
_bPearson Educ.,
_c2000.
300 _axvi, 589 p.
650 0 _aObject oriented programming (Computer science)
_@0000148166
908 _a070117
950 _@1
999 _c114
_d114